Sports Quiz

Random Sports Quiz

Pittsburgh Steelers Nicknames Quiz Stats

 Plays Quiz not verified by Sporcle

Score 0/103 Timer 20:00
0 Plays Today
Nickname Player % Correct
The BusJerome Bettis
89.1%
Big BenBen Roethlisberger
80.9%
Mean JoeJoe Greene
76.1%
Blonde BomberTerry Bradshaw
68.5%
Fast WillieWillie Parker
64.3%
Dobre ShunkaJack Ham
62.4%
Papa SmurfHines Ward
62.1%
Silverback or DeeboJames Harrison
61.6%
BuddyRaymond Parker
59.6%
DraculaJack Lambert
58%
TazTroy Polamalu
55.6%
SlashKordell Stewart
53.5%
Tommy GunTommy Maddox
50%
Big SnackCasey Hampton
49.9%
The JawBill Cowher
48.4%
Fats or ArrowheadErnie Holmes
47.5%
Hot RodRod Woodson
47.4%
PotsieJames Farrior
42.9%
ZiggyEvander Hood
42.8%
The ChiefArt Rooney
41.7%
PeezyJoey Porter
41.2%
Hot LippsLouis Lipps
40.2%
Waltzing MeweldeMewelde Moore
38.5%
Iron MikeMike Webster
38.5%
The RabbitBilly Ray Smith
35.3%
BamByron Morris
33.7%
Emporer ChazChuck Noll
32.6%
Big MoneyHeath Miller
32.4%
Mad DogDwight White
31.5%
Hollywood BagsL.C. Greenwood
31.4%
Tha WoodLaMarr Woodley
31.4%
WhizzerByron White
31.1%
Just Plain NastyGreg Lloyd
29.3%
Creech or HayseedJeff Reed
28.3%
Big KirkLevon Kirkland
25.8%
Nickname Player % Correct
Mr. AutomaticNorm Johnson
25.2%
GooRian Wallace
24.8%
BonesHugh Taylor
24.4%
FuFuamatu-Ma'afala, Chris
24.3%
DeliciousRashard Mendenhall
22.9%
Ned FlandersDermontti Dawson
22.6%
SupNeil O'Donnell
20.7%
BananasBarry Foster
19.6%
Famous AmosAmos Zereoue
19.1%
Jefferson Street JoeJoe Gilliam
16.9%
T-zakMike Tomczak
16.4%
Special DeliveryEdgar Jones
15%
HogieMerril Hoge
12.9%
The TankFrank Summers
11.9%
Touchdown MakerDallas Baker
10.2%
BloodJohnny McNally
9.7%
The UndertakerMax Starks
9.6%
The Bus DriverTim Lester
9.2%
Jerry OJerry Olsavsky
9%
DirtDennis Winston
8%
Gadabout GladiatorBobby Layne
7.9%
MoonGerry Mullins
7.4%
SeƱor SackGabriel Rivera
7.4%
JuicyChris Kemoeatu
7.2%
The DumptruckNajeh Davenport
6.7%
GreasyEarle Neale
5.9%
JoystickStefan Logan
5.7%
RamboDave Edwards
5%
The AsassinGlen Edwards
5%
SpidermanJimmy Allen
4.9%
The Bluefield BulletBill Dudley
4.9%
HydroplaneJack Deloplaine
4.7%
Big KiesWalt Kiesling
3.6%
CannonballJim Butler
3.5%
The HammerFred Williamson
2.5%
Nickname Player % Correct
JapForrest Douds
1.8%
BuckoFrank Kilroy
1.7%
Big DaddyGene Lipscombe
1.7%
Big MoEd Modzelewski
1.7%
Little MoDick Modzelewski
1.6%
Hubba BubbaWill Blackwell
1.2%
Inspector GadgetMike Mularkey
1%
TankPaul Younger
1%
StumpyGarry Howe
0.9%
EggsEdgar Manske
0.9%
Bad RadDan Radakovich
0.9%
Twinkle ToesFran Rogel
0.9%
Thundering TheronTheron Sapp
0.9%
TarzanMike Henry
0.8%
The Bard of Staten IslandBill Shakespeare
0.8%
TorgyLaVern Torgeson
0.8%
Faintin' FrankFrank Varrichione
0.8%
MumboWentford Gaines
0.5%
FumThurman McGraw
0.5%
Delaware DanDan Reeder
0.5%
Human Bowling BallCharley Tolar
0.5%
BananasVince Banonis
0.4%
DuckyLeo Elter
0.4%
GooseJack McClairen
0.3%
KamikazeDennis Meyer
0.3%
Automatic ArtArt Michalik
0.3%
RockRodney Richmond
0.3%
Choo-ChooCharlie Shepard
0.3%
Forty-SevenDicky Moegle
0.1%
SwedeMel Pittman
0.1%
The Quiet ManBob Schmitz
0.1%
The ThingGeorge Tarasovic
0.1%
HarpJohn Vaughan
0.1%

You're not logged in!

Compare scores with friends on all Sporcle quizzes.
OR
Log In

You Might Also Like...

Show Comments

Extras

Top Quizzes Today


Score Distribution

Your Account Isn't Verified!

In order to create a playlist on Sporcle, you need to verify the email address you used during registration. Go to your Sporcle Settings to finish the process.

Report this User

Report this user for behavior that violates our Community Guidelines.

Details: